Estética de la creación verbal
Guardat en:
| Autor principal: | |
|---|---|
| Format: | Llibre |
| Idioma: | espanyol |
| Publicat: |
Buenos Aires
Siglo XXI
2005
|
| Edició: | 1a. ed |
| Col·lecció: | Lingüística y Teoría Literaria
|
| Matèries: | |
| Etiquetes: |
Afegir etiqueta
Sense etiquetes, Sigues el primer a etiquetar aquest registre!
|
MARC
| LEADER | 00000nam a2200000 a 4500 | ||
|---|---|---|---|
| 001 | UCI0963 | ||
| 003 | CL-VaPUC | ||
| 008 | 070608e20050000AG |||||||||||||||||spa|d | ||
| 020 | |a 9871105207 | ||
| 082 | 0 | 4 | |a 401 |b BAJ |2 21 |
| 100 | 0 | |a Bajtín, Mijaíl Mijáilovich |e author |9 521221 | |
| 245 | 1 | 0 | |a Estética de la creación verbal |
| 250 | |a 1a. ed | ||
| 300 | |a 396 p | ||
| 942 | |c BK | ||
| 945 | |d 20070608 00:00:00 |a jtorresc | ||
| 260 | |a Buenos Aires |b Siglo XXI |c 2005 | ||
| 650 | 0 | |a Lingüística |9 265068 | |
| 650 | 0 | |a Filosofía del lenguaje |9 257082 | |
| 650 | 0 | |a Estética |9 264950 | |
| 650 | 0 | |a Crítica literaria |9 269189 | |
| 650 | 7 | |a REALISMO EN LA LITERATURA |2 CL-VaPUC |9 316222 | |
| 650 | 0 | |a Teoría literaria |9 342621 | |
| 583 | |a last modification |c 20190725 11:24:04 |k Rodrigo Vera | ||
| 490 | 0 | |a Lingüística y Teoría Literaria | |
| 999 | |c 325913 |d 325911 | ||
| 952 | |0 0 |1 0 |4 0 |6 401_000000000000000_BAJ_2005 |7 0 |8 A |9 407404 |a BIBARQ |b BIBARQ |d 2019-11-22 |i 4348184 |o 401 BAJ 2005 |p 4348184 |r 2025-01-20 |w 2019-11-22 |y BK |k ARQ | ||